[Event "Campionato provinciale di Pavia 2014"]
[Site "Vigevano"]
[Date "2014.02.06"]
[Round "1"]
[White "Pappalardo, Antonio"]
[Black "Barrera, Pietro"]
[Result "0-1"]
[WhiteElo "1703"]
[BlackElo "1905"]
[PlyCount "45"]

1. d4 e6 2. c4 Nf6 3. Nc3 Bb4 4. Qc2 d5 5. e3 O-O 6. Bd3 c5 7. dxc5 Nc6 8.
Ne2 dxc4 9. Bxc4 Ne5 10. Qb3 Bxc5 11. O-O a6 12. Rd1 Qc7 13. Bd3 Neg4 14.
Ng3 h5 15. h4 Bxe3 16. Bxe3 Nxe3 17. Re1 Neg4 18. Nce4 Qf4 19. Nxf6+ Qxf6
20. Nxh5 Qxf2+ 21. Kh1 Qxh4+ 22. Kg1 Qxh5 23. Rad1 0-1

[Event "Campionato provinciale di Pavia 2014"]
[Site "Vigevano"]
[Date "2014.02.13"]
[Round "2"]
[White "Murgia, Andrea"]
[Black "Pappalardo, Antonio"]
[Result "1-0"]
[BlackElo "1703"]
[WhiteElo "1980"]
[PlyCount "62"]

1. e4 c5 2. c3 Nf6 3. e5 Nd5 4. d4 cxd4 5. Nf3 e6 6. Bc4 Nb6 7. Bb3 d6 8.
O-O Nc6 9. cxd4 dxe5 10. Bg5 Be7 11. Bxe7 Qxe7 ... 12. dxe5 O-O 13. Nc3 Bd7
14. Ne4 Nb4 15. Nfg5 h6 16. Qh5 N4d5 17. f4 Bb5 18. a4 Bxf1 19. Rxf1 Rac8
20. a5 Nc4 21. f5 exf5 22. Rxf5 Nce3 23. Nf6+ Nxf6 24. Rxf6 hxg5 25. Qxg5
Nd5 26. h4 Nxf6 27. h5 Nd5 28. Qg3 Rc5 29. h6 g6 30. Ba2 Nb4 31. Qxg6+ 1-0

[Event "Campionato provinciale di Pavia 2014"]
[Site "Vigevano"]
[Date "2014.02.20"]
[Round "3"]
[White "Scavini, Marco"]
[Black "Barrera, Pietro"]
[Result "1-0"]
[BlackElo "1905"]
[WhiteElo "1942"]
[PlyCount "77"]

1. e4 c5 2. Nf3 Nc6 3. d4 cxd4 4. Nxd4 g6 5. Nc3 Bg7 6. Be3 Nf6 7. Bc4 O-O
8. Bb3 d6 9. h3 Qa5 10. O-O a6 11. f4 Qh5 12. Qxh5 Nxh5 13. Rad1 Na5 14. g4
Nxb3 15. axb3 Nf6 16. e5 dxe5 17. fxe5 Ne8 18. Nd5 Bxe5 19. Nxe7+ Kg7 20.
c3 Nc7 21. Nf3 Bf6 22. Nxc8 Raxc8 23. g5 Bd8 24. Rd7 Ne6 25. Rxb7 Bc7 26.
Nd4 Nd8 27. Ra7 Re8 28. Rf3 a5 29. Nb5 Rxe3 30. Rxe3 Bb6 31. Re7 Ne6 32.
Rxe6 fxe6 33. Nd4 Re8 34. Re5 Kf7 35. Kf2 Bc7 36. Rb5 Rd8 37. Rb7 Rd7 38.
Nb5 Rd2+ 39. Kf3 1-0